00238nam a2200085Ia 4500008004100000245003500041245001900076260000900095856004800104160523s9999 xx 000 0 und d a100 Ways To Kill Your Business cby Sandra Wise c2013 uhttp://www.smashwords.com/books/view/374915